000 01804nam0a2200349 4500
001 RU\NLR\bibl\170832
005 20250615175546.0
010 _a5-85803-149-8
_91000
021 _aRU
_b2000-42905
_91985
035 _a(NLR Aleph) 001341345
090 _a862788
_c862788
100 _a20010716d2000 |||y0rusy50 ca
101 0 _arus
_aeng
102 _aRU
105 _aa |||||||||
200 1 _aКаталог монголоязычных фольклорных материалов архива востоковедов при СПбФ ИВ РАН
_dThe catalogue of mongolian folk materials in the orientalists' archives at the Saint-Petersburg branch of the institute of oriental studies (Russian Academy of Sciences)
_fИ.В. Кульганек
_gРос. акад. наук, Ин-т востоковедения. С.-Петерб. фил.
_zeng
210 _aСПб.
_cПетерб. Востоковедение
_d2000
215 _a319 с.
_cпортр.
_d22
300 _aАвт. также на англ. яз.: I.V. Kulganek
300 _aТекст на рус. и англ. яз.
320 _aБиблиогр. в тексте
510 1 _6z22790
_aThe catalogue of mongolian folk materials in the orientalists' archives at the Saint-Petersburg branch of the institute of oriental studies (Russian Academy of Sciences)
_zeng
606 0 _aМонгольский фольклор
_jКаталоги
_9930627
_3RU\NLR\auth\66342580
686 _aШ3(54Мо)я1
700 1 _4070
_7ca
_8rus
_aКульганек
_bИ. В.
_f1949-
_gИрина Владимировна
_9179917
_3RU\NLR\AUTH\770179968
790 1 _6z22510
_aKul'ganek
_bI. V.
_4070
801 0 _aRU
_bNLR
_c20010716
_gPSBO
801 1 _aRU
_bNLR
_c20010716
852 _aNLR
_jОЛСАА
942 _cBOOK
980 _aNB